Ca dao tục ngữ phật giáo Việt Nam

Kaydedildi:
Detaylı Bibliyografya
Materyal Türü: Kitap
Dil:Undetermined
Baskı/Yayın Bilgisi: Tp. Hồ Chí Minh Tp. Hồ Chí MInh 2002
Konular:
Etiketler: Etiketle
Etiket eklenmemiş, İlk siz ekleyin!
Thư viện lưu trữ: Trung tâm Học liệu Trường Đại học Cần Thơ
LEADER 00512nam a2200169Ia 4500
001 CTU_54333
008 210402s9999 xx 000 0 und d
020 |b 60000 
082 |a 398.209597 
082 |b C100 
245 0 |a Ca dao tục ngữ phật giáo Việt Nam 
245 0 |c Lệ Như Thích Trung Hậu 
260 |a Tp. Hồ Chí Minh 
260 |b Tp. Hồ Chí MInh 
260 |c 2002 
650 |a folk literature, vietnamese 
980 |a Trung tâm Học liệu Trường Đại học Cần Thơ